000 00339nam a2200157Ia 4500
100 _aCollins/Peter J
650 _aMathematics
942 _cBK
366 _f20
245 _aDifferential and integral equations
260 _bOxford university press
_c2006
082 _a515
_bCOL
300 _a372
546 _aENGLISH
999 _c20185
_d20185